• 首页
  • 本馆介绍
  • 公告通知
  • 最新文献
  • 馆藏检索
  • 电子资源
  • 读者导购
  • 参考咨询
  • 我的图书馆
  • 登录
  • 详细信息显示
  • 放入我的书架
  • 预约/预借图书
  • 作者相关作品
  • 分类相关作品
  • 丛书相关作品
  • 出版社相关作品

书目信息

  • 表格格式
  • 工作单格式
  • 卡片格式
题名:
凌濛初全集
    
 
作者: 魏同贤 , 安平秋 主编
分册: 叁   《二刻拍案惊奇》
出版信息: 南京   凤凰出版社  2010.12
页数: 661页
开本: 22cm
丛书名:
单 册:
中图分类: C52 , I242.3
科图分类:
主题词: 话本小说--小说集--中国--明代 , 话本小说
电子资源:
ISBN: 978-7-5506-0145-1
000 00943nam0 2200289 450
001 010050020345
005 20181030170508.45
010    @a978-7-5506-0145-1@b精装@dCNY88.00,CNY880.00(全10册)
100    @a20111010d2010 em y0chiy50 ea
101 0  @achi
102    @aCN@b320000
105    @aa z 000ay
106    @ar
200 1  @a凌濛初全集@9ling meng chu quan ji@h叁@i《二刻拍案惊奇》@f魏同贤,安平秋主编
210    @a南京@c凤凰出版社@d2010.12
215    @a661页@c图@d22cm
330    @a诗曰:世间字纸藏经同,见者须当付火中。或置长流清净处,自然福禄永无穷。话说上古苍颉制字,有鬼夜哭……
600  0 @a凌蒙初@f(1580-1644)@j文集
600  0 @a凌蒙初@f(1580-1644)
606 0  @a话本小说@x小说集@y中国@z明代
606 0  @a话本小说
690    @aC52@v5
690    @aI242.3@v5
701  0 @a魏同贤@9wei tong xian@4主编
701  0 @a安平秋@9an ping qiu@4主编
801  0 @aCN@bRENTIAN@c20111010
905    @b1097900-02@dC52@e399:3@f3
    
    凌濛初全集.叁.《二刻拍案惊奇》/魏同贤,安平秋主编.-南京:凤凰出版社,2010.12
    661页:图;22cm
    
    
    ISBN 978-7-5506-0145-1(精装):CNY88.00,CNY880.00(全10册)
    诗曰:世间字纸藏经同,见者须当付火中。或置长流清净处,自然福禄永无穷。话说上古苍颉制字,有鬼夜哭……
●
相关链接 在E读中查询图书 在五车中查询图书 在当当中查询图书 在豆瓣中查询图书


正题名:凌濛初全集     索取号:C52/399:3         预约/预借

序号 登录号 条形码 馆藏地/架位号 状态 备注
1 1097900   210979002   第一样本阅览室/ [索取号:C52/399:3] 在馆    
2 1097901   210979011   教育系资料室/ [索取号:C52/399:3] 在馆    
3 1097902   210979020   第一借阅区/ [索取号:C52/399:3] 在馆    
唐山师范学院图书馆 欢迎您!
大连网信软件有限公司© 版权所有